00371 2200157 4500001002100000008004100021035002000062245002200082100002000104260002800124300001300152084001400165082000800179650001000187990001600197INLIS000000000000002 ind  a0010-0724000002 a0cArdelia Karisa aKarisa, Ardelia aJakartabGrasindoc2021 a200 hlm. a813 ARD N a813 aFiksi aP29/CP/24/2